000
00233 a2200097 4500
001
63106
090
_c
37273
_d
37273
100
_a
Junken's, John L.
245
_a
Optimal spacecraft rotational maneuvers
260
_b
Elsever Scientific Pub
_c
1985
942
_a
NUST-CAE
999
_c
298179
_d
298179